Mixed Word: Breakfast Foods Quiz Stats

 Plays Quiz Updated Dec 17, 2011

Challenge
Share
Tweet
Embed
Score 0/16 Timer 04:00
1 Play Today
Hint Answer % Correct
GEGEgg
99.9%
TSTOAToast
99.5%
FLEFWAWaffle
97.6%
CONBABacon
96.1%
RANGEO CEIUJOrange Juice
95.9%
HAHS RBONSWHash Browns
95.3%
KECANAPPancake
95.1%
CHRENF AOSTTFrench Toast
94.8%
Hint Answer % Correct
EFEFOCCoffee
92.3%
EMHO FSIERHome Fries
89.3%
RPUSYSyrup
87.5%
PEERCCrepe
86.5%
GASESAUSausage
85.2%
CHEIQUQuiche
85.2%
CAEERLCereal
85.2%
TTEELOEMOmelette
64.7%

You're not logged in!

Compare scores with friends on all Sporcle quizzes.
Join for Free
OR
Log In

You Might Also Like...

Show Comments

Extras

Top Quizzes Today


Score Distribution

Your Account Isn't Verified!

In order to create a playlist on Sporcle, you need to verify the email address you used during registration. Go to your Sporcle Settings to finish the process.

Report this User

Report this user for behavior that violates our Community Guidelines.

Details: